Study of in Iqbal`s Philosophy (Record no. 1897)
[ view plain ]
| 000 -LEADER | |
|---|---|
| fixed length control field | 00615nam a2200241 a 4500 |
| 020 ## - INTERNATIONAL STANDARD BOOK NUMBER | |
| ISBN | |
| 082 00 - DEWEY DECIMAL CLASSIFICATION NUMBER | |
| Classification number | 181.07 |
| Author Cutter | DAR |
| 100 ## - MAIN ENTRY--AUTHOR NAME | |
| Author name | Dar, Bashir Ahmad |
| 245 ## - TITLE STATEMENT | |
| Title | Study of in Iqbal`s Philosophy |
| 260 ## - PUBLICATION, DISTRIBUTION, ETC. (IMPRINT) | |
| Place of publication | Lahore |
| Name of publisher | Sh. Muhammad Ashraf |
| Year of publication | 1944 |
| 300 ## - PHYSICAL DESCRIPTION | |
| Number of Pages | 422p |
| 500 ## - GENERAL NOTE | |
| General note | includes index and biblioraphy |
| 505 2# - FORMATTED CONTENTS NOTE | |
| Formatted contents note | Appendex, Bibliography, Index |
| 650 ## - SUBJECT ADDED ENTRY--TOPICAL TERM | |
| Topical Term | Philosophy-Islamic-Iqbal |
| 942 ## - ADDED ENTRY ELEMENTS (KOHA) | |
| Koha item type | Books |
| 700 1# - | |
| -- | Dar, Bashir Ahmad |
| Home library | Current library | Date acquired | Cost, normal purchase price | Full call number | Accession Number | Koha item type |
|---|---|---|---|---|---|---|
| Henry Martyn Institute Library | Henry Martyn Institute Library | 03/01/2019 | 100.00 | 181.07 DAR | 1111 | E-Books |
| Henry Martyn Institute Library | Henry Martyn Institute Library | 03/01/2019 | 100.00 | 181.07 DAR | 14532 | E-Books |
